[Event "OLOB 1920 FB Mörlenbach-Birkenau - SF S"]
[Site "?"]
[Date "2021.07.18"]
[Round "11.2"]
[White "Legde, Georg"]
[Black "Nazarenus, Moritz"]
[Result "1/2-1/2"]
[WhiteElo "2320"]
[BlackElo "2207"]
[PlyCount "53"]
[EventDate "2021.??.??"]

1. d4 d5 2. c4 c6 3. Nf3 Nf6 4. Nc3 e6 5. e3 Nbd7 6. Bd3 dxc4 7. Bxc4 b5 8. Bd3
Bd6 9. O-O O-O 10. Qc2 Bb7 11. e4 e5 12. dxe5 Nxe5 13. Nxe5 Bxe5 14. h3 a6 15.
Be3 Rc8 16. Rad1 c5 17. Bxb5 Qe7 18. Bc4 Nxe4 19. Nd5 Bxd5 20. Bxd5 Nf6 21.
Rfe1 Nxd5 22. Rxd5 Bd4 23. b3 Rcd8 24. Rxd8 Rxd8 25. Qe2 Bxe3 26. Qxe3 Qxe3 27.
Rxe3 1/2-1/2

[Event "OLOB 1920 FB Mörlenbach-Birkenau - SF S"]
[Site "?"]
[Date "2021.07.18"]
[Round "11.3"]
[White "Meyer, Kai-Christian"]
[Black "Dittmar, Peter"]
[Result "1/2-1/2"]
[WhiteElo "2243"]
[BlackElo "2230"]
[PlyCount "83"]
[EventDate "2021.??.??"]

1. c4 e6 2. d4 Nf6 3. Nf3 Bb4+ 4. Bd2 Qe7 5. a3 Bxd2+ 6. Qxd2 O-O 7. Nc3 d6 8.
e3 e5 9. dxe5 dxe5 10. Rd1 Bg4 11. Be2 Bxf3 12. Bxf3 e4 13. Be2 Nc6 14. O-O Ne5
15. Qc2 Ng6 16. Nd5 Nxd5 17. Rxd5 c6 18. Rd4 Rfe8 19. Rfd1 Nf8 20. c5 Qe5 21.
b4 g6 22. g3 h5 23. h4 Re7 24. Rd8 Rxd8 25. Rxd8 Rd7 26. Rxd7 Nxd7 27. Qd1 Nf6
28. Qd4 Qe7 29. Bc4 Ng4 30. Bb3 Qf6 31. Qxf6 Nxf6 32. Kg2 Kf8 33. f3 Ke7 34.
Bc2 exf3+ 35. Kxf3 Ng4 36. Kf4 Kf6 37. Bd3 Ke7 38. Be2 Nf6 39. e4 Nd7 40. Bf1
f6 41. Bh3 Ne5 42. Bf1 1/2-1/2

[Event "OLOB 1920 FB Mörlenbach-Birkenau - SF S"]
[Site "?"]
[Date "2021.07.18"]
[Round "11.4"]
[White "Felgendreher, Heiko"]
[Black "Kirchner, Markus"]
[Result "1-0"]
[WhiteElo "2191"]
[BlackElo "1996"]
[PlyCount "79"]
[EventDate "2021.??.??"]

1. e4 e6 2. d4 d5 3. Nc3 Nf6 4. Bg5 Be7 5. e5 Nfd7 6. h4 h6 7. Bxe7 Qxe7 8. Qg4
O-O 9. f4 c5 10. Nf3 Nc6 11. O-O-O a6 12. Rh3 f5 13. Qg6 Qf7 14. Qg3 c4 15. Qe1
Re8 16. Nh2 b5 17. Ne2 Nb6 18. g4 Ne7 19. Rg3 Kh7 20. Bh3 fxg4 21. Bxg4 Nf5 22.
Bxf5+ exf5 23. Qa5 Qb7 24. Rdg1 Re7 25. Nf3 Be6 26. R3g2 Rg8 27. h5 Nc8 28. Nh4
b4 29. Rg6 Na7 30. Ng3 Rf8 31. Qc5 Rff7 32. Qd6 Nc8 33. Qd8 Qd7 34. Qxd7 Bxd7
35. Rxa6 Re6 36. Ra5 Ne7 37. Ra7 Nc6 38. Rb7 Nxd4 39. Rd1 Nc6 40. Rxd5 1-0

[Event "OLOB 1920 FB Mörlenbach-Birkenau - SF S"]
[Site "?"]
[Date "2021.07.18"]
[Round "11.5"]
[White "Meyer-Cording, Claus"]
[Black "Boehmer, Christian"]
[Result "1/2-1/2"]
[WhiteElo "2069"]
[BlackElo "2167"]
[PlyCount "62"]
[EventDate "2021.??.??"]

1. e4 c6 2. d4 d5 3. Nc3 dxe4 4. Nxe4 Bf5 5. Ng3 Bg6 6. c3 Nd7 7. Nf3 Qc7 8.
Bd3 Ngf6 9. Be3 Bxd3 10. Qxd3 e6 11. h3 Bd6 12. Ne4 Nxe4 13. Qxe4 Nf6 14. Qc2
Nd5 15. Bd2 O-O 16. O-O c5 17. Qe4 cxd4 18. Nxd4 Bc5 19. Ne2 Rfd8 20. Bg5 Be7
21. Bxe7 Qxe7 22. Rfd1 Qc7 23. Rd4 Nf6 24. Qe3 e5 25. Rdd1 a6 26. Ng3 Nd5 27.
Qe1 Nf4 28. Rxd8+ Rxd8 29. Rd1 Rxd1 30. Qxd1 g6 31. Ne2 Nxe2+ 1/2-1/2

[Event "OLOB 1920 FB Mörlenbach-Birkenau - SF S"]
[Site "?"]
[Date "2021.07.18"]
[Round "11.6"]
[White "Schaefer, Michael"]
[Black "Weiss, Matthias"]
[Result "1/2-1/2"]
[WhiteElo "2141"]
[BlackElo "2033"]
[PlyCount "103"]
[EventDate "2021.??.??"]

1. d4 Nf6 2. Nf3 g6 3. Bf4 Bg7 4. e3 d6 5. h3 O-O 6. Be2 c5 7. c3 b6 8. O-O Bb7
9. a4 Nbd7 10. a5 bxa5 11. Qa4 Qb6 12. Nbd2 Bc6 13. Qxa5 Qxa5 14. Rxa5 Rfb8 15.
Ra2 a5 16. Bc4 Nd5 17. Bg5 Kf8 18. e4 N5b6 19. Bd3 e6 20. Bf4 Ke7 21. Re1 e5
22. Be3 Rf8 23. g4 f6 24. Rea1 a4 25. d5 Bb7 26. Bb5 Ra5 27. Bxa4 Rfa8 28. Bb3
Rxa2 29. Rxa2 Rxa2 30. Bxa2 Na4 31. Nc4 Ba6 32. Nfd2 Ndb6 33. Nxb6 Nxb6 34. Bb3
Bd3 35. f3 f5 36. Bd1 f4 37. Bf2 Nc4 38. Nxc4 Bxc4 39. b4 cxb4 40. cxb4 Bf6 41.
Ba4 Kd8 42. Ba7 Kc8 43. Bc6 Bd8 44. Bf2 Kb8 45. h4 h6 46. Be8 g5 47. hxg5 hxg5
48. Bc6 Bc7 49. Kg2 Be2 50. Bg1 Bc4 51. Bf2 Be2 52. Bg1 1/2-1/2

[Event "OLOB 1920 FB Mörlenbach-Birkenau - SF S"]
[Site "?"]
[Date "2021.07.18"]
[Round "11.8"]
[White "Schiffer, Steve"]
[Black "Zahn, Nicol"]
[Result "1-0"]
[WhiteElo "2064"]
[BlackElo "1849"]
[PlyCount "121"]
[EventDate "2021.??.??"]

1. e4 c5 2. Nf3 e6 3. d4 cxd4 4. Nxd4 a6 5. g3 Qc7 6. Bg2 Nf6 7. O-O Be7 8. b3
O-O 9. Bb2 d6 10. c4 Bd7 11. Nd2 Nc6 12. Qe2 Nxd4 13. Bxd4 e5 14. Bb2 Bg4 15.
f3 Bd7 16. Rfd1 Rfe8 17. Nf1 b5 18. Rac1 bxc4 19. Rxc4 Qb6+ 20. Qf2 Qxf2+ 21.
Kxf2 Rac8 22. Ne3 Bb5 23. Rxc8 Rxc8 24. Ba3 Ne8 25. Rd2 Bf8 26. Bh3 Rc7 27. Nd5
Ra7 28. Rc2 Ra8 29. Ke3 g6 30. Bc1 a5 31. a4 Ba6 32. Bd7 Bh6+ 33. f4 exf4+ 34.
gxf4 Ng7 35. Nf6+ Kf8 36. Ng4 Bxf4+ 37. Kxf4 Ke7 38. Bc6 Ne6+ 39. Kg3 Rc8 40.
e5 d5 41. Ba3+ Kd8 42. Nh6 Rc7 43. Bd6 Nd4 44. Bxc7+ Kxc7 45. Bb5+ Nxc2 46.
Bxa6 Kd7 47. Nxf7 Ke6 48. Nd8+ Kxe5 49. Nc6+ Ke4 50. Nxa5 d4 51. Kf2 d3 52. Nc6
g5 53. Bc4 g4 54. a5 h5 55. a6 h4 56. Bxd3+ Kxd3 57. a7 Ne3 58. a8=Q Nd1+ 59.
Kg1 Ke2 60. Ne5 Ne3 61. Qe4 1-0

[Event "OLOB 1920 Bad Emstal/Wolfhagen - SV Emp"]
[Site "?"]
[Date "2021.07.18"]
[Round "11.1"]
[White "Teske, Henrik"]
[Black "Sivuk, Vitaly"]
[Result "1/2-1/2"]
[WhiteElo "2470"]
[BlackElo "2552"]
[PlyCount "27"]
[EventDate "2021.??.??"]

1. d4 Nf6 2. c4 e6 3. Nc3 Bb4 4. e3 O-O 5. Nge2 d5 6. a3 Be7 7. Nf4 c6 8. Bd3
Nbd7 9. O-O dxc4 10. Bxc4 e5 11. Nfe2 exd4 12. Qxd4 Nc5 13. b4 Be6 14. Bxe6
1/2-1/2

[Event "OLOB 1920 Bad Emstal/Wolfhagen - SV Emp"]
[Site "?"]
[Date "2021.07.18"]
[Round "11.2"]
[White "Frolov, Artur"]
[Black "Langheinrich, Ferenc"]
[Result "1/2-1/2"]
[WhiteElo "2385"]
[BlackElo "2364"]
[PlyCount "69"]
[EventDate "2021.??.??"]

1. e4 c6 2. d4 d5 3. Nd2 dxe4 4. Nxe4 Nf6 5. Nxf6+ exf6 6. Be3 Bd6 7. Qd2 O-O
8. Bd3 Re8 9. Ne2 Nd7 10. O-O Nf8 11. Rfe1 Ng6 12. c4 Nh4 13. Ng3 a5 14. a3 Bg4
15. Be2 Qd7 16. Bxg4 Qxg4 17. f3 Qd7 18. Bf4 Bf8 19. Kf1 a4 20. Rad1 Rxe1+ 21.
Rxe1 Rd8 22. Rd1 Ng6 23. Be3 Re8 24. Bf2 b5 25. cxb5 cxb5 26. Ne4 f5 27. Nc5
Qd5 28. Re1 Rxe1+ 29. Kxe1 h6 30. Nd3 Bd6 31. h3 Qc4 32. Kd1 Ne7 33. Qc2 Qd5
34. Qc3 Nc6 35. Kc2 1/2-1/2

[Event "OLOB 1920 Bad Emstal/Wolfhagen - SV Emp"]
[Site "?"]
[Date "2021.07.18"]
[Round "11.3"]
[White "Friedrich, Wiede"]
[Black "Shkuran, Danylo"]
[Result "1/2-1/2"]
[WhiteElo "2337"]
[BlackElo "2347"]
[PlyCount "25"]
[EventDate "2021.??.??"]

1. d4 d5 2. c4 c6 3. cxd5 cxd5 4. Nc3 e5 5. dxe5 d4 6. Ne4 Qa5+ 7. Nd2 Nc6 8.
Ngf3 Bg4 9. Qb3 O-O-O 10. Ng5 Nxe5 11. g3 d3 12. Bg2 Rd7 13. f4 1/2-1/2

[Event "OLOB 1920 Bad Emstal/Wolfhagen - SV Emp"]
[Site "?"]
[Date "2021.07.18"]
[Round "11.4"]
[White "Skliarov, Viktor"]
[Black "Michalowski, Peter"]
[Result "1-0"]
[WhiteElo "2383"]
[BlackElo "2110"]
[PlyCount "113"]
[EventDate "2021.??.??"]

1. e4 c5 2. Nf3 d6 3. d4 cxd4 4. Qxd4 Nc6 5. Bb5 Bd7 6. Bxc6 Bxc6 7. Nc3 Nf6 8.
Bg5 e6 9. O-O-O Be7 10. Rhe1 Qa5 11. Kb1 O-O 12. Qd2 Qa6 13. Nd4 Rfc8 14. f3 h6
15. Bh4 b5 16. Bf2 b4 17. Nce2 d5 18. e5 Nd7 19. Nc1 Nb6 20. f4 Rab8 21. Ncb3
Nc4 22. Qd3 Qb7 23. f5 Bd7 24. fxe6 Bxe6 25. Nxe6 fxe6 26. Qg6 Qd7 27. Be3 Nxe3
28. Rxe3 Rf8 29. Rg3 Bg5 30. Nc5 Qf7 31. Qxf7+ Rxf7 32. Nxe6 Rf5 33. h4 Rxe5
34. Nxg5 hxg5 35. Rxg5 Rxg5 36. hxg5 Re8 37. b3 Re5 38. Rd4 a5 39. a3 Rxg5 40.
axb4 axb4 41. g4 Kf7 42. Kc1 Ke6 43. Kd2 Kd6 44. Rxb4 Kc5 45. Ra4 Re5 46. Kd3
g5 47. Ra6 Re4 48. Ra5+ Kd6 49. c4 Rxg4 50. Rxd5+ Kc6 51. Kc3 Rg1 52. Kb4 g4
53. Rg5 g3 54. Rg6+ Kc7 55. Kb5 g2 56. b4 Kd8 57. Rg7 1-0

[Event "OLOB 1920 Bad Emstal/Wolfhagen - SV Emp"]
[Site "?"]
[Date "2021.07.18"]
[Round "11.5"]
[White "Rudnizki, Sergej"]
[Black "Kersten, Uwe"]
[Result "0-1"]
[WhiteElo "2140"]
[BlackElo "2252"]
[PlyCount "56"]
[EventDate "2021.??.??"]

1. e4 c5 2. Nf3 d6 3. d4 cxd4 4. Nxd4 Nf6 5. Nc3 a6 6. Be3 e5 7. Nb3 Be6 8. f3
h5 9. h4 Nbd7 10. Qd2 b5 11. O-O-O Be7 12. Qf2 Rc8 13. Nd5 Nxd5 14. exd5 Bf5
15. Bd3 Bxd3 16. Rxd3 a5 17. Nd2 b4 18. Ne4 Qc7 19. Kb1 f5 20. Ng5 Bxg5 21.
Bxg5 Nc5 22. Rdd1 a4 23. Bc1 b3 24. cxb3 axb3 25. a3 Ne4 26. Qe3 Qc2+ 27. Ka1
Nc3 28. Qxc3 Rxc3 0-1

[Event "OLOB 1920 Bad Emstal/Wolfhagen - SV Emp"]
[Site "?"]
[Date "2021.07.18"]
[Round "11.6"]
[White "Cherny, Andrey"]
[Black "Nicolai, Tim"]
[Result "0-1"]
[WhiteElo "2188"]
[BlackElo "1945"]
[PlyCount "92"]
[EventDate "2021.??.??"]

1. Nf3 g6 2. g3 Bg7 3. Bg2 d6 4. d3 e5 5. O-O Ne7 6. c4 O-O 7. Nc3 Nbc6 8. Ne1
Be6 9. Nd5 Nf5 10. Rb1 a5 11. Nc2 Ncd4 12. e4 Ne7 13. Nxd4 exd4 14. Nxe7+ Qxe7
15. f4 Bd7 16. h4 Rab8 17. Bd2 a4 18. f5 Be5 19. Bh6 Bxg3 20. f6 Qe5 21. Bxf8
Rxf8 22. Qd2 Bxh4 23. Qf4 Bg5 24. Qf3 h5 25. Bh3 Bxh3 26. Qxh3 Bxf6 27. Rf3 Bg5
28. Rbf1 Qe7 29. Kh1 f6 30. R1f2 Kg7 31. Rg2 Re8 32. Rc2 c6 33. Rf1 Qe5 34. b4
Re7 35. Qh2 Be3 36. c5 d5 37. Qxe5 Rxe5 38. exd5 Rxd5 39. Rb1 g5 40. b5 g4 41.
bxc6 bxc6 42. Rb6 h4 43. Kg2 Bf4 44. Rxc6 h3+ 45. Kf1 g3 46. Re6 Rg5 0-1

[Event "OLOB 1920 Bad Emstal/Wolfhagen - SV Emp"]
[Site "?"]
[Date "2021.07.18"]
[Round "11.7"]
[White "Bergmann, Harald"]
[Black "Haenisch, Uwe"]
[Result "0-1"]
[WhiteElo "1761"]
[BlackElo "2187"]
[PlyCount "46"]
[EventDate "2021.??.??"]

1. e4 Nf6 2. Nc3 d5 3. exd5 Nxd5 4. Nxd5 Qxd5 5. Qf3 c6 6. Qxd5 cxd5 7. Bb5+
Nc6 8. Nf3 Bd7 9. O-O e6 10. c3 Bd6 11. d4 O-O 12. Bd2 Rfe8 13. Rae1 a6 14. Bd3
b5 15. Rc1 f6 16. Bc2 Rac8 17. b4 Re7 18. a4 bxa4 19. Bxa4 Nxd4 20. Nxd4 Bxa4
21. Ra1 Bb5 22. Rfe1 Be5 23. Nxe6 Rxe6 0-1

[Event "OLOB 1920 Bad Emstal/Wolfhagen - SV Emp"]
[Site "?"]
[Date "2021.07.18"]
[Round "11.8"]
[White "Ramlow, Marcus"]
[Black "Reuter, Elisa"]
[Result "1-0"]
[WhiteElo "2091"]
[BlackElo "1851"]
[PlyCount "53"]
[EventDate "2021.??.??"]

1. e4 c5 2. c3 Nf6 3. e5 Nd5 4. d4 cxd4 5. Nf3 e6 6. cxd4 b6 7. Nc3 Nxc3 8.
bxc3 Qc7 9. Bd2 Bb7 10. Bd3 d6 11. O-O Nd7 12. Ng5 dxe5 13. Qh5 g6 14. Qh3 Be7
15. Rfe1 Qd6 16. Rad1 Bxg5 17. Bxg5 e4 18. Bxe4 Bxe4 19. Rxe4 Qd5 20. Qe3 Rc8
21. Re1 Rc6 22. h4 h5 23. c4 Rxc4 24. Qa3 f6 25. Rxe6+ Kd8 26. Bxf6+ Nxf6 27.
Rd6+ 1-0

[Event "OLOB 1920 SK Marburg 1931/1972 - SG BW"]
[Site "?"]
[Date "2021.07.18"]
[Round "11.4"]
[White "Duncker, Joachim"]
[Black "Neubauer, Andreas"]
[Result "0-1"]
[WhiteElo "2183"]
[BlackElo "2132"]
[PlyCount "72"]
[EventDate "2021.??.??"]

1. e4 c5 2. Nc3 d6 3. f4 e6 4. Nf3 Nf6 5. Bb5+ Bd7 6. Bxd7+ Nbxd7 7. O-O Qc7 8.
Qe1 Be7 9. d3 O-O 10. Nh4 Rae8 11. f5 Ne5 12. Bd2 Nc6 13. fxe6 fxe6 14. Nf3 Nd4
15. Rc1 Qb6 16. b3 Qc6 17. Ne2 Nxf3+ 18. Rxf3 d5 19. Ng3 dxe4 20. Nxe4 Nxe4 21.
Qxe4 Qxe4 22. dxe4 c4 23. Be3 a6 24. bxc4 Rc8 25. Rb1 Rxc4 26. Rxb7 Rxe4 27.
Bf2 Bf6 28. h3 h6 29. Kf1 Rd8 30. Kg1 Rd1+ 31. Kh2 Rd2 32. Rb8+ Kf7 33. Rb7+
Kg8 34. Rb8+ Kf7 35. Rb7+ Kg8 36. Be3 Rxc2 0-1

[Event "OLOB 1920 SK Marburg 1931/1972 - SG BW"]
[Site "?"]
[Date "2021.07.18"]
[Round "11.6"]
[White "Neidhardt, Helge"]
[Black "Werner, Justus"]
[Result "1/2-1/2"]
[WhiteElo "2073"]
[BlackElo "1946"]
[PlyCount "20"]
[EventDate "2021.??.??"]

1. d4 Nf6 2. Nf3 e6 3. c4 d5 4. Nc3 Nbd7 5. e3 Be7 6. Bd3 O-O 7. O-O b6 8. cxd5
exd5 9. Bd2 Bb7 10. Rc1 c5 1/2-1/2

[Event "OLOB 1920 SK Marburg 1931/1972 - SG BW"]
[Site "?"]
[Date "2021.07.18"]
[Round "11.7"]
[White "Schmidt, Daniel"]
[Black "Bluebaum, Johanna"]
[Result "0-1"]
[WhiteElo "1871"]
[BlackElo "2018"]
[PlyCount "106"]
[EventDate "2021.??.??"]

1. c4 e6 2. Nf3 Nf6 3. g3 d5 4. cxd5 exd5 5. Bg2 Bd6 6. O-O O-O 7. b3 c6 8. Bb2
Bf5 9. d3 Re8 10. Re1 Bb4 11. Nbd2 Nbd7 12. a3 Ba5 13. b4 Bb6 14. Nb3 Bg6 15.
Qd2 Ng4 16. Bd4 Bxd4 17. Nfxd4 Ngf6 18. Rac1 Rc8 19. Rc2 Qb6 20. Rec1 Re7 21.
Nc5 Rce8 22. Bh3 Nf8 23. e3 Ne6 24. Ndxe6 fxe6 25. Rb2 e5 26. Re1 Qd8 27. Qd1
Qd6 28. Rd2 Rf8 29. Qc1 Bh5 30. Bg2 Ne8 31. e4 d4 32. Qc4+ Kh8 33. Qc1 Bf3 34.
Rc2 Qf6 35. Bxf3 Qxf3 36. Qd1 Qf7 37. Rb2 Nd6 38. a4 Qf6 39. Qg4 Qf7 40. Rf1 b6
41. Nb3 Re6 42. f4 Rg6 43. Qe2 exf4 44. Nxd4 Qe8 45. Nf5 fxg3 46. hxg3 Qe5 47.
Rf3 Nxf5 48. exf5 Rxg3+ 49. Rxg3 Qxg3+ 50. Qg2 Qxd3 51. Qxc6 Qxf5 52. Qg2 Qe5
53. Re2 Qd4+ 0-1

[Event "OLOB 1920 SK Marburg 1931/1972 - SG BW"]
[Site "?"]
[Date "2021.07.18"]
[Round "11.8"]
[White "Hein, Lennart"]
[Black "Schroeter, Maik"]
[Result "1/2-1/2"]
[WhiteElo "1891"]
[BlackElo "1945"]
[PlyCount "20"]
[EventDate "2021.??.??"]

1. d4 Nf6 2. Nf3 e6 3. c4 Bb4+ 4. Bd2 Bxd2+ 5. Qxd2 d5 6. g3 O-O 7. Bg2 Nbd7 8.
cxd5 exd5 9. Nc3 c6 10. O-O Re8 1/2-1/2